Control estadístico de la calidad
Sparad:
| Huvudupphovsman: | |
|---|---|
| Materialtyp: | Bok |
| Språk: | Spanish |
| Publicerad: |
México : Limusa Wiley,
c2008
|
| Upplaga: | 3. edición |
| Ämnen: | |
| Taggar: |
Lägg till en tagg
Inga taggar, Lägg till första taggen!
|
MARC
| LEADER | 00000nam a22000007a 4500 | ||
|---|---|---|---|
| 007 | 658.560.21 M787c3 | ||
| 008 | 170530b2008 a|||| |||| 00| ||spa d | ||
| 100 | |9 8627 |a Montgomery, Douglas C. | ||
| 245 | |a Control estadístico de la calidad | ||
| 250 | |a 3. edición | ||
| 260 | |a México : Limusa Wiley, |c c2008 | ||
| 300 | |a xxi 797 páginas : ilustraciones | ||
| 500 | |a Título original: Introduction to statistical quality control--Publicado también con el título: Introducción al control estadístico de la calidad | ||
| 650 | |x CONTROL DE CALIDAD |x METODOS ESTADISTICOS |x CONTROL DE PROCESOS |9 8628 | ||
| 942 | |c BK | ||
| 999 | |c 18468 |d 18468 | ||
